书目信息 |
| 题名: |
笛子吹奏法
|
|
| 作者: | 胡结续 著 | |
| 分册: | ||
| 出版信息: | 北京 人民文学出版社 1972.7 |
|
| 页数: | 135页 | |
| 开本: | 20cm | |
| 丛书名: | ||
| 单 册: | ||
| 中图分类: | J621.1 | |
| 科图分类: | ||
| 主题词: | 器乐--理论 , 器乐--奏法 , 器乐--演奏 | |
| 电子资源: | ||
| ISBN: | ||
| 000 | 00536nam0 2200205 45 | |
| 001 | 0312221749 | |
| 005 | 20060802085057.57 | |
| 010 | @dCNY0.31 | |
| 100 | @a20031222d1972 km y0chiy0120 ea | |
| 101 | @achi | |
| 200 | 1 | @a笛子吹奏法@ADi Zi Chui Zou Fa@f胡结续著@FHu Jie Xu Zhu |
| 210 | @a北京@c人民文学出版社@d1972.7 | |
| 215 | @a135页@d20cm | |
| 606 | 0 | @a器乐@x理论 |
| 606 | 0 | @a器乐@x奏法 |
| 606 | 0 | @a器乐@x演奏 |
| 690 | @aJ621.1@v3 | |
| 701 | 0 | @a胡结续@4著 |
| 801 | @aCN@bTSTCL@c20060802 | |
| 905 | @a213230@dJ621.1@e35@b220506@f1 | |
| 笛子吹奏法/胡结续著.-北京:人民文学出版社,1972.7 |
| 135页;20cm |
| ISBN :CNY0.31 |
| ● |
| 相关链接 |
|
|
|
|
正题名:笛子吹奏法
索取号:J621.1/35
 
预约/预借
| 序号 | 登录号 | 条形码 | 馆藏地/架位号 | 状态 | 备注 |
| 1 | 0220506 | 001204887 | 第一样本阅览室/ [索取号:J621.1/35] | 在馆 | |
| 2 | 0444188 | 204441880 | 密集书库/ [索取号:J621.1/35] | 在馆 |